00503nam a2200241Ia 450000500170000000800460001702000180006303700070008104000080008804000080009604000080010404100080011204100080012008400150012808400080014310000190015124500230017024500190019326000130021226000180022526000090024330000090025220260401122332.0008 250103s9999 xx 000 0 eng d a9781905422548 aTB aEDL beng cEDL 2eng aeng a791.45 PET qEDL aPetley, Julian 0aCensoring the Word 0cPetley, Julian aCalcutta bSeagull Books c2007 a112p